书目信息 |
| 题名: |
淮南子校释 上册
|
|
| 作者: | 张变棣 撰 | |
| 分册: | ||
| 出版信息: | 北京 北京大学出版社 1997.08 |
|
| 页数: | 1106页 | |
| 开本: | 32开 | |
| 丛书名: | ||
| 单 册: | ||
| 中图分类: | B234:1 | |
| 科图分类: | ||
| 主题词: | 哲学--中国--楚汉战争时代 , 哲学--中国--汉代 | |
| 电子资源: | ||
| ISBN: | 7-301-03094-0 | |
| 000 | 00600nam0 2200205 45 | |
| 001 | 0007281665 | |
| 005 | 20000728163634.1 | |
| 010 | @a7-301-03094-0@d60.00元 | |
| 100 | @a20000728d1997 km y0chiy0120 ea | |
| 101 | 0 | @achi |
| 105 | @a z 000yy | |
| 200 | 1 | @a淮南子校释 上册@AHuai Nan Zi Xiao Shi Shang Ce@f张变棣 撰@FZhangBian Di Zhuan |
| 210 | @a北京@c北京大学出版社@d1997.08 | |
| 215 | @a1106页@d32开 | |
| 606 | 0 | @a哲学@x中国@x楚汉战争时代 |
| 606 | 0 | @a哲学@x中国@x汉代 |
| 690 | @aB234:1@v3 | |
| 701 | 0 | @a张变棣@4撰 |
| 801 | @aCN@bPftUser@c20000728 | |
| 905 | @b80855-856@dB234:1@eZH175:1@f2 | |
| 淮南子校释 上册/张变棣 撰.-北京:北京大学出版社,1997.08 |
| 1106页;32开 |
| ISBN 7-301-03094-0:60.00元 |
| ● |
| 相关链接 |
|
|
|
正题名:淮南子校释上册
索取号:B234:1/ZH175:1
 
预约/预借
| 序号 | 登录号 | 条形码 | 馆藏地/架位号 | 状态 | 备注 |
| 1 | 80855 | 200808554 | 社科库509/509社科库 14排3列1层/ [索取号:B234:1/ZH175:1] | 在馆 | |
| 2 | 80856 | 200808563 | 法学院资料室/ [索取号:B234:1/ZH175:1] | 在馆 |